00867cam a2200229 a 450000100100000000500170001000800410002702000150006804000180008308200200010110000450012124500580016626000540022430000280027849000410030665000340034765000370038183000470041891000340046595201230049999900150062200000844320200929161337.0970313s1995 pr a 001 0 spa  a1563281066 aDO-SdBNPcDLC aPR863.44bR621m1 aRivera, Félix Joaquín,d1953-92272813aLa muñeca de chocolate /cFélix Joaquín Rivera. aRío Piedras, Puerto Rico :bPlaza Mayor,c1995. a192 p. :bil. ;c21 cm.1 aBiblioteca de Autores de Puerto Rico 4aNovela puertorriqueña91185 4aLiteratura puertoriqueña96540 0aBiblioteca de Autores de Puerto Rico99722 aCatalogación por copia / LC 001052708MOaGRbGRcCTd2009-09-16iLF1l0oPR863.44 R621mp8443-10r2020-06-25w2020-06-25y2ZPréstamo interno c8214d8214